Antología de poesía para niños y niñas / (Record no. 22951)

000 -CABECERA
fixed length control field 00866nam a22002297i 4500
003 - IDENTIFICADOR DEL NÚMERO DE CONTROL
control field AR-CdUCM
008 - DATOS DE LONGITUD FIJA--INFORMACIÓN GENERAL
fixed length control field 240801b20152015 pe||||| |||| 00| 0 spa d
040 ## - FUENTE DE LA CATALOGACIÓN
Agencia/entidad que catalogó originalmente la obra MUNICIPALIDAD PROVINCIAL DEL CUSCO
Entidad que transcribió la catalogación BIBLIOTECA MUNICIPAL DEL CUSCO
082 ## - NÚMERO DE LA CLASIFICACIÓN DECIMAL DEWEY
No. de Clasificación EP / 801 / M61A
Notacion interna M61A
100 ## - ENTRADA PRINCIPAL--NOMBRE DE PERSONA
Nombre Personal Ministerio de Educación.
245 ## - MENCIÓN DE TÍTULO
Título Antología de poesía para niños y niñas /
260 ## - PUBLICACIÓN, DISTRIBUCIÓN, ETC.
Lugar de publicación, distribución, etc. Lima :
Nombre de la editorial, distribuidor, etc. Dirección General de Educación Básica Regular,
Fecha de publicación, distribución, etc. 2015.
300 ## - DESCRIPCIÓN FÍSICA
Nº de Páginas Extensión 39 páginas. :
Dimensiones 20 cm.
Material acompañante Ilustraciones en color.
500 ## - NOTA GENERAL
Bibliografía Aguacerito -- Un gatito -- La niña y El mar -- La lluvia
650 ## - PUNTO DE ACCESO ADICIONAL DE MATERIA--TÉRMINO DE MATERIA
Descriptor Poesías
9 (RLIN) 50103
650 ## - PUNTO DE ACCESO ADICIONAL DE MATERIA--TÉRMINO DE MATERIA
Descriptor Compilación de poesía infantil
9 (RLIN) 50104
700 ## - PUNTO DE ACCESO ADICIONAL--NOMBRE DE PERSONA
Nombre Personal Corcuera andrino, Rosamar [Ilustrador]
9 (RLIN) 50105
856 ## - LOCALIZACIÓN Y ACCESO ELECTRÓNICOS
Dirección electrónica https://repositorio.minedu.gob.pe/handle
942 ## - ELEMENTOS DE PUNTO DE ACCESO ADICIONAL (KOHA)
Fuente de clasificación
Tipo de item Libros-BMC
945 ## - PROCESAMIENTO DE INFORMACIÓN LOCAL (OCLC)
Catalogador pbj
AAAA-MM-DD - Fecha de ingreso o modificacion 2024-08-01
Holdings
Estado de retiro (separado) Fuente de clasificación o esquema de estanterías Estado dañado Ubicación Sala donde se ubica Nombre de la colección Fecha de adquisición o compra Fuente de adquisición Costo, precio normal en soles Signatura topográfica Código de Barras Última vez visto (Koha) Tipo de ítem (Koha)
No     Sala de Infantes Sala de Infantes Book Cart 2024-08-01 Donación 10.00 EP / 801 / M61A SI00004897 2024-08-01 Libros-BMC

Powered by Koha